Sports Quiz

Random Sports or Spanish Quiz

What are the names of these Spanish footballers? Quiz Stats

 Plays Quiz not verified by Sporcle

Score 0/100 Timer 15:00
0 Plays Today
% Correct
David Silva
98.2%
Sergio Ramos
97.7%
Cesc Fabregas
97%
Fernando Torres
96.8%
Pepe Reina
96.3%
Santi Cazorla
95.7%
Iker Casillas
95.2%
Gerard Pique
94.7%
Jordi Alba
94.5%
Thiago Alcantara
94.3%
Marco Alonso
94.1%
Xavi
93.2%
Andres Iniesta
92.5%
Juan Mata
92.2%
Koke
91.1%
David de Gea
90.4%
Hector Bellerin
89.3%
Ander Herrera
88.8%
Sergio Busquets
88.4%
Isco Alarcon
87.7%
David Villa
87.4%
Diego Costa
86.5%
Iago Aspas
85.8%
Javi Martinez
84.5%
Daniel Carvajal
84.2%
Alvaro Morata
84.2%
Nacho Monreal
83.8%
Alberto Moreno
83.6%
Pedro Rodriguez
83.3%
Kepa Arrizabalaga
82.4%
Gerard Deulofeu
81.1%
Marco Asensio
81.1%
Sergi Roberto
80.1%
Paco Alcacer
78.1%
% Correct
Raul Albiol
77.9%
Juanfran
76.7%
Jesus Navas
76.3%
Aritz Aduriz
74.4%
Lucas Vazquez
74%
Jose Callejon
73.7%
Rodrigo Moreno
72.6%
Suso
72.1%
Inaki Williams
70.5%
Roberto Soldado
68.9%
Borja Valero
67.1%
Marc Bartra
66.4%
Juan Bernat
65.5%
Lucas Perez
65.3%
Denis Suarez
63.2%
Alvaro Negredo
61.9%
Oriol Romeu
61.6%
Jese Rodriguez
61.6%
Daniel Parejo
61.4%
Saul Niguez
61.4%
Vicente Iborra
56.6%
Nacho Fernandez
55.9%
Sergio Rico
54.1%
Adama Traore
53.9%
Rodri Hernandez
53.2%
Adrian
52.7%
Sergio Asenjo
52.5%
Alvaro Odriozola
52.3%
Nolito
52.1%
Raul Garcia
51.8%
Iker Muniain
51.1%
Luis Alberto
49.8%
Joaquin
48.2%
Javi Garcia
47.7%
% Correct
Grimaldo
47.5%
Asier Illaramendi
47%
Samu Castillejo
46.6%
Pedro Obiang
45.7%
Martin Montoya
43.8%
Dani Ceballos
43.6%
Marcos Llorente
42.5%
Pablo Sarabia
42%
Joselu
41.6%
Cristian Tello
40.9%
Jose Gaya
40.2%
Jonny Castro
39.7%
Munir El Haddadi
39.3%
Vicente Guaita
39%
Oscar de Marcos
38.1%
Fabian Ruiz
36.1%
Oliver Torres
34.7%
Carlos Soler
32.9%
Ivan Marcano
32.6%
Santi Mina
32.2%
Gerard Moreno
31.7%
Esteban Granero
28.3%
Inigo Martinez
26.7%
Pablo Fornals
26.5%
Angelino
24%
Victor Ruiz
21.9%
Coke
19.4%
Aleix Vidal
18%
Sergio Canales
17.8%
Mario Gaspar
15.1%
Yuri Berchiche
13.5%
Omar Mascarell
6.6%

You're not logged in!

Compare scores with friends on all Sporcle quizzes.
OR
Log In

Sporcle TV

Today on Sporcle TV


Watch our educational content, quiz creation guides, and fun videos on Sporcle TV.

Show Comments

Extras

Top Quizzes Today


Score Distribution

Your Account Isn't Verified!

In order to create a playlist on Sporcle, you need to verify the email address you used during registration. Go to your Sporcle Settings to finish the process.

Report this User

Report this user for behavior that violates our Community Guidelines.

Details: